Resumen de los trabajos de la Comité Permanente [hechos para la determinación del Metro y kilógramo internacionales] / (Record no. 180970)

MARC details
000 -LEADER
campo de control de longitud fija 00831nam a2200205 i 4500
001 - NÚMERO DE CONTROL
campo de control 180970
003 - IDENTIFICADOR DE NÚMERO DE CONTROL
campo de control ES-MaACL
005 - FECHA Y HORA DE LA ÚLTIMA TRANSACCIÓN
campo de control 20250724075057.0
008 - DATOS DE LONGITUD FIJA--INFORMACIÓN GENERAL
campo de control de longitud fija 120919s1874 sp |||| | spa d
245 00 - MENCIÓN DEL TÍTULO
Título Resumen de los trabajos de la Comité Permanente [hechos para la determinación del Metro y kilógramo internacionales] /
Mención de responsabilidad, etc. publicado por el Instituto Geográfico y Estadístico de España.
260 ## - PUBLICACIÓN, DISTRIBUCIÓN, ETC.
Lugar de publicación, distribución, etc. Madrid :
Nombre del editor, distribuidor, etc. [s.n.],
Fecha de publicación, distribución, etc. 1874 (
Fabricante Impr. Aribau y Cª)
300 ## - DESCRIPCIÓN FÍSICA
Extensión 76 p. ;
Dimensiones 27 cm.
594 ## - Nota al título y mención de responsabilidad
Nota al título y mención de responsabilidad Precede al tít.: Comisión Internacional del Metro.
650 #7 - PUNTO DE ACCESO ADICIONAL DE MATERIA--TÉRMINO DE MATERIA
Término de materia o nombre geográfico como elemento de entrada Pesos y medidas
Fuente del encabezamiento o término embne
9 (RLIN) 136691
710 2# - ENTRADA AGREGADA--NOMBRE DE ENTIDAD CORPORATIVA
Nombre de entidad corporativa o nombre de jurisdicción como elemento de entrada Comisión Internacional del Metro.
9 (RLIN) 151422
710 2# - ENTRADA AGREGADA--NOMBRE DE ENTIDAD CORPORATIVA
Nombre de entidad corporativa o nombre de jurisdicción como elemento de entrada Instituto Geográfico y Estadístico (España)
9 (RLIN) 3892
852 ## - LOCALIZACIÓN
Ubicación ES-MaACL
Número de control de estantería T-162-F-1
852 ## - LOCALIZACIÓN
Ubicación ES-MaACL
Número de control de estantería T-438-F-13
Holdings
Estatus retirado Estado de pérdida Estado de daño No para préstamo Colección Biblioteca de origen Biblioteca actual Ubicación en estantería Fecha de adquisición Fuente de adquisición Total de préstamos Signatura topográfica completa Código de barras Visto por última vez Precio de reemplazo Tipo de ítem Koha
        Colección de folletos Biblioteca del Ateneo de Madrid Biblioteca del Ateneo de Madrid Depósito folletos 19/09/2012     T-162-F-1 1190169 23/02/2023 23/02/2023 Folleto
        Colección de folletos Biblioteca del Ateneo de Madrid Biblioteca del Ateneo de Madrid Depósito folletos 07/05/2005     T-438-F-13 1201882 23/02/2023 23/02/2023 Folleto